01139nam a2200265Ia 450000100060000000300090000600800410001504000130005604000130006904100130008210000220009510000290011724500620014624500620020825000110027026000090028126000250029026000490031530000430036450003490040765000330075665000310078970000250082070000280084520036IT-RoPAU130308s9999 xx 000 0 und d aIT-RoPAU cIT-RoPAU aITALIANO aAlberione Giacomo gCodice Aut. SPICS: 10028 aApostolato paolino nell'intuizione del primo maestro (L') bApostolato Paolino nell'Intuizione del Primo maestro (L') a1a ed. aROMA bEdizioni Paoline Fsp c1977 [1° Ed.:1977 - Ed.Ling.Originale:1977] a"108 p. (prefazione: no ; testo: 108)" aFinalità Apostolica dell'istituto Natura dell'Apostolato Paolino Dimensioni dell'Apostolato Paolino Efficacia dell'Apostolato con gli Strumenti della Comunicazione Sociale Esigenze dell'Apostolato Evangelizzazione con gli Strumenti della Comunicazione Sociale Stampa Cinema Radio e Televisione Audiovisivi Apostolo della Comunicazione Sociale aSCRITTI DI GIACOMO ALBERIONE eCodice materia Spics: 9901 aSegr.Int.Apostolato  gCodice Aut. SPICS: 8825